Państwa z literą M w każdej pozycji - Statystyki

Ogólne statystyki
  • Ten quiz został rozwiązany 31 razy
    20 od ostatniego zresetowania
  • Średni wynik to 5 z 8
Statystyki odpowiedzi
Pozycja litery M Państwo % Poprawnych
1 Macedonia Północna/Madagaskar/Malawi/Malediwy/Malezja/Mali/Malta/Maroko/Mauretania/Mauritius/Meksyk
/Mjanma/Mikronezja/Mołdawia/Monako/Mongolia/Mozambik
100%
3 Armenia/Demokratyczna Republika Konga/Dominika/Dominikana/Gambia/Kambodża/Kamerun/Komory/Jamajka/Jemen/Namibia/Rumunia/
Samoa/Somalia/Timor Wschodni/Zambia/Zimbabwe
94%
6 Gwatemala/Kolumbia/Luksemburg/Wyspy Marshalla
76%
5 Mozambik/Panama/Turkmenistan
71%
2 Oman
65%
4 Niemcy/San Marino
53%
12 Zjednoczone Emiraty Arabskie
41%
7 Surinam/Wietnam
18%
Nie znaleziono quizów pasujących do podanych kryteriów
Rozkład punktacji
Procent ludzi z każdym wynikiem
Percentyl według liczby udzielonych odpowiedzi
Twoja historia wyników
Nie rozwiązałeś tego quizu od ostatniego zresetowania